000 00212 a2200097 4500
001 51438
100 _aMartin D D
245 _aElectronic Data Processing
260 _aLahor
_bFeroz S
_c
090 _c32599
_d32599
942 _aNUST-CAE
_cM
_c25112
999 _c286511
_d286511